MARC

LEADER 00000nam0a2200000 4500
001 303793
005 20231102001634.0
035 |a (RuTPU)RU\TPU\book\329021 
090 |a 303793 
100 |a 20150904d1967 k y0rusy50 ca 
101 0 |a rus 
102 |a UA 
105 |a a z 001zy 
200 1 |a Электромагнитные процессы в преобразовательных устройствах  |f Академия наук Украинской ССР (АН УССР) ; под ред. А. Н. Миляха 
210 |a Киев  |c Наукова думка  |d 1967 
215 |a 215 с.  |c ил. 
225 1 |a Проблемы технической электродинамики 
320 |a Библиография в конце статей 
606 1 |a Преобразовательные устройства  |2 stltpush  |3 (RuTPU)RU\TPU\subj\51396  |9 69991 
610 1 |a электромагнитные процессы 
610 1 |a теория 
610 1 |a экспериментальные исследования 
610 1 |a электромагнитные преобразователи 
610 1 |a модуляторы 
610 1 |a регуляторы напряжения 
610 1 |a расчеты 
610 1 |a применение 
675 |a 621.314  |v 3 
702 1 |a Милях  |b А. Н.  |4 340 
712 0 2 |a Академия наук Украинской ССР (АН УССР)  |c (1936-1991)  |2 stltpush  |3 (RuTPU)RU\TPU\col\332 
801 1 |a RU  |b 63413507  |c 20150904 
801 2 |a RU  |b 63413507  |c 20220902  |g RCR 
942 |c BK